|
|
|
|
| LEADER |
00000naa2a2200000 4500 |
| 001 |
86700 |
| 005 |
20240213110107.0 |
| 035 |
|
|
|a (RuTPU)RU\TPU\book\93099
|
| 090 |
|
|
|a 86700
|
| 100 |
|
|
|a 20051129d2002 k y0rusy50 ca
|
| 101 |
0 |
|
|a rus
|
| 102 |
|
|
|a RU
|
| 200 |
1 |
|
|a Концепт "дом": к вопросу о метафорической интерпретации
|f Е. А. Потураева
|
| 320 |
|
|
|a Библиогр.: 6 назв.
|
| 463 |
|
0 |
|0 (RuTPU)RU\TPU\book\60261
|t Коммуникативные аспекты языка и культуры
|o сборник научных статей и тезисов II Межвузовской научно-практической конференции студентов, аспирантов и молодых ученых, Томск
|f Томский политехнический университет; Институт языковой коммуникации; под ред. Н. А. Качалова
|v С. 385-388.
|d 2002
|p 407 с.
|
| 610 |
1 |
|
|a метафоры
|
| 610 |
1 |
|
|a языки
|
| 610 |
1 |
|
|a концепты
|
| 610 |
1 |
|
|a дом
|
| 610 |
1 |
|
|a когнитивное языкознание
|
| 610 |
1 |
|
|a когнитивная лингвистика
|
| 610 |
1 |
|
|a концептуализация
|
| 610 |
1 |
|
|a труды учёных ТПУ
|
| 700 |
|
1 |
|a Потураева
|b Е. А.
|c лингвист
|c доцент Томского политехнического университета, кандидат филологических наук
|f 1977-
|g Евгения Александровна
|3 (RuTPU)RU\TPU\pers\24591
|9 10889
|
| 801 |
|
1 |
|a RU
|b 63413507
|c 20051129
|g PSBO
|
| 801 |
|
2 |
|a RU
|b 63413507
|c 20150130
|g RCR
|
| 942 |
|
|
|c BK
|